| 000 | 00725nam a2200241 u 4500 | ||
|---|---|---|---|
| 005 | 20240925065211.0 | ||
| 008 | 180622s2015 mx r 000 0 spa d | ||
| 020 | _a9786071628428 | ||
| 035 | _aUPN01000225719 | ||
| 049 | _aCG | ||
| 050 | 4 |
_aBF173 F89 _bC6.38 2015 |
|
| 100 | 1 |
_aFromm, Erich, _d1900-1980 _928370 |
|
| 245 | 1 | 3 |
_aEl corazón del hombre : _bsu potencia para el bien y para el mal / _cErich Fromm ; tr. Florentino M. Torner. |
| 250 | _a3a ed. | ||
| 260 |
_aMéxico : _bFCE, _c2015. |
||
| 300 | _a207 p. | ||
| 440 | 0 |
_aPopular ; _v76 |
|
| 534 |
_pTítulo original _tThe heart of man |
||
| 650 | 4 |
_aPsicoanálisis _91572 |
|
| 650 | 4 |
_aPsicología social _95889 |
|
| 650 | 4 |
_aÉtica _912720 |
|
| 905 | _aLibro | ||
| 999 |
_c197815 _d197815 |
||